00601nam a2200181Ia 4500003000900000008004100009020002700050022002200077022002300099040001600122100002100138245005700159260003100216300001400247490002800261700002200289856010800311IN-BaIIA211028s9999 xx s 000 0 eng d a2-86883-646-1 (Online) a1633-4760 (Print) a1638-1963 (Online) cIIA Library aArnaud, J., ed.  0aMagnetism and Activity of the Sun and Starsh[eBook] aFrancebEDP Sciencesc2003 aiv, 371p. aEAS Publications Series aMeunier, N., ed.  uhttps://www.eas-journal.org/articles/eas/abs/2003/04/contents/contents.htmlyClick Here to Access eBook